Discursos de recepción leídos en la Real Academia de Ciencias Morales y Políticas (Record no. 173088)
[ view plain ]
| 000 -LEADER | |
|---|---|
| campo de control de longitud fija | 01875nas a2200301 i 4500 |
| 001 - NÚMERO DE CONTROL | |
| campo de control | 173088 |
| 003 - IDENTIFICADOR DE NÚMERO DE CONTROL | |
| campo de control | ES-MaACL |
| 005 - FECHA Y HORA DE LA ÚLTIMA TRANSACCIÓN | |
| campo de control | 20251003192822.0 |
| 007 - CAMPO FIJO DE DESCRIPCIÓN FÍSICA--INFORMACIÓN GENERAL | |
| campo de control de longitud fija | t| |
| 008 - DATOS DE LONGITUD FIJA--INFORMACIÓN GENERAL | |
| campo de control de longitud fija | 091028c19411943sp a| | 1 ||pa d |
| 080 ## - NÚMERO DE LA CLASIFICACIÓN DECIMAL UNIVERSAL | |
| Número de la Clasificación Decimal Universal | 3 : 061.12(460) |
| 110 2# - ENTRADA PRINCIPAL--NOMBRE DE ENTIDAD CORPORATIVA | |
| Nombre de entidad corporativa o nombre de jurisdicción como elemento de entrada | Real Academia de Ciencias Morales y Políticas (España) |
| 9 (RLIN) | 222050 |
| 245 10 - MENCIÓN DEL TÍTULO | |
| Título | Discursos de recepción leídos en la Real Academia de Ciencias Morales y Políticas |
| Fechas predominantes | 1941-1943. |
| 260 ## - PUBLICACIÓN, DISTRIBUCIÓN, ETC. | |
| Lugar de publicación, distribución, etc. | Madrid : |
| Nombre del editor, distribuidor, etc. | [s. n.], |
| Fecha de publicación, distribución, etc. | 1941 (Sucesores de Rivedeneyra) |
| 300 ## - DESCRIPCIÓN FÍSICA | |
| Extensión | 1 v. ; |
| Dimensiones | 26 cm. |
| 505 8# - NOTA DE CONTENIDO CON FORMATO | |
| Nota de contenido con formato | Contiene: T. XVII: Orientaciones pedagógicas / José Jorro y Miranda (116 p.). Contestación / Luis Marichalar y Monreal. Vizconde de Eza (p. 117-143). Lo sustantivo y lo adjetivo en la formación cultural de la juventud / José Rogeiro-Sánchez y García (59 p.). Contestación / Luis Redonat y López-Doriga (p. 61-84(. Quiebra y restauración del derecho internacional / José de Yanguas y Messía (53 p.). Contestación / José Gascón y Marín 8p. 55-74). Crisis de la familia en la sociedad moderna / Eloy Montero y Gutiérrez (117 p.). Contestación / Eloy Bullón y Fernández (p. 11119-134). La época del mercantilismo en Castilla (1500-1700) / José Larraz López (136 p.). Contestación / Rafael Marín Lázaro (p. 137-161). |
| 700 1# - ENTRADA AGREGADA--NOMBRE PERSONAL | |
| Nombre de persona | Bullón y Fernández, Eloy, |
| Títulos y otros términos asociados al nombre | Marqués de Selva Alegre, |
| Fechas asociadas al nombre | 1879-1957 |
| 9 (RLIN) | 32523 |
| 700 0# - ENTRADA AGREGADA--NOMBRE PERSONAL | |
| Nombre de persona | Jorro y Miranda, José, |
| Títulos y otros términos asociados al nombre | Conde de Altea |
| 9 (RLIN) | 66964 |
| 700 1# - ENTRADA AGREGADA--NOMBRE PERSONAL | |
| Nombre de persona | Eza, Luis Marichalar y Monreal, |
| Títulos y otros términos asociados al nombre | Vizconde de, |
| Fechas asociadas al nombre | 1873-1945 |
| 9 (RLIN) | 76705 |
| 700 1# - ENTRADA AGREGADA--NOMBRE PERSONAL | |
| Nombre de persona | Yanguas Messía, José de, |
| Fechas asociadas al nombre | 1890-1974 |
| 9 (RLIN) | 117556 |
| 700 1# - ENTRADA AGREGADA--NOMBRE PERSONAL | |
| Nombre de persona | Gascón y Marín, José. |
| 9 (RLIN) | 55866 |
| 700 1# - ENTRADA AGREGADA--NOMBRE PERSONAL | |
| Nombre de persona | Montero Gutiérrez, Eloy. |
| 9 (RLIN) | 82525 |
| 700 1# - ENTRADA AGREGADA--NOMBRE PERSONAL | |
| Nombre de persona | Larraz, José, |
| Fechas asociadas al nombre | 1904-1973 |
| 9 (RLIN) | 70328 |
| 700 1# - ENTRADA AGREGADA--NOMBRE PERSONAL | |
| Nombre de persona | Marín Lázaro, Rafael. |
| 9 (RLIN) | 76794 |
| 852 ## - LOCALIZACIÓN | |
| Ubicación | ES-MaACL |
| Número de control de estantería | K-199 |
| 852 ## - LOCALIZACIÓN | |
| Ubicación | ES-MaACL |
| Número de control de estantería | F-M-III-D |
| Estatus retirado | Estado de pérdida | Estado de daño | No para préstamo | Colección | Biblioteca de origen | Biblioteca actual | Ubicación en estantería | Fecha de adquisición | Fuente de adquisición | Total de préstamos | Signatura topográfica completa | Código de barras | Visto por última vez | Precio de reemplazo | Tipo de ítem Koha |
|---|---|---|---|---|---|---|---|---|---|---|---|---|---|---|---|
| Periódicos y Revistas | Biblioteca del Ateneo de Madrid | Biblioteca del Ateneo de Madrid | Administración | 15/05/2005 | F-M-III-D | 1201948 | 23/02/2023 | 23/02/2023 | Revista | ||||||
| Periódicos y Revistas | Biblioteca del Ateneo de Madrid | Biblioteca del Ateneo de Madrid | Administración | 28/10/2009 | K-199 | 1181621 | 23/02/2023 | 23/02/2023 | Revista |
